Ústavnoprávne postavenie prezidenta v Ústave Slovenskej republiky
Zmeny v Ústave Slovenskej republiky, ktoré sa prejavili v ústavnoprávnom postavení prezidenta.
Guardado en:
| Autor principal: | |
|---|---|
| Formato: | Capítulo de libro |
| Lenguaje: | eslovaco |
| Materias: | |
| Etiquetas: |
Sin Etiquetas, Sea el primero en etiquetar este registro!
|
MARC
| LEADER | 00000naa a2200000 4500 | ||
|---|---|---|---|
| 001 | 0161173 | ||
| 005 | 20231208095729.0 | ||
| 041 | 0 | |a slo | |
| 044 | |a SK | ||
| 245 | 1 | 0 | |a Ústavnoprávne postavenie prezidenta v Ústave Slovenskej republiky |c Dušan Nikodým |
| 520 | |a Zmeny v Ústave Slovenskej republiky, ktoré sa prejavili v ústavnoprávnom postavení prezidenta. | ||
| 610 | 2 | 0 | |a prezidenti |
| 610 | 2 | 0 | |a právo štátne |
| 610 | 2 | 0 | |a právo ústavné |
| 610 | 2 | 0 | |a legislatíva |
| 610 | 2 | 0 | |a ústava |
| 100 | 1 | |a Nikodým, Dušan | |